R for Everone:Advanced Analytics and Graphics (Record no. 11096)
[ view plain ]
| 000 -LEADER | |
|---|---|
| fixed length control field | 00399nam a22001697a 4500 |
| 003 - CONTROL NUMBER IDENTIFIER | |
| control field | OSt |
| 008 - FIXED-LENGTH DATA ELEMENTS--GENERAL INFORMATION | |
| fixed length control field | 220215b ||||| |||| 00| 0 eng d |
| 020 ## - INTERNATIONAL STANDARD BOOK NUMBER | |
| International Standard Book Number | 9789386873521 |
| 082 ## - DEWEY DECIMAL CLASSIFICATION NUMBER | |
| Classification number | 006.68 LAR |
| 100 ## - MAIN ENTRY--PERSONAL NAME | |
| Personal name | LANDER,Jareo P |
| 245 ## - TITLE STATEMENT | |
| Title | R for Everone:Advanced Analytics and Graphics |
| 250 ## - EDITION STATEMENT | |
| Edition statement | 2nd |
| 260 ## - PUBLICATION, DISTRIBUTION, ETC. (IMPRINT) | |
| Place of publication, distribution, etc | New Delhi |
| Name of publisher, distributor, etc | Pearson |
| Date of publication, distribution, etc | 2022 |
| 300 ## - PHYSICAL DESCRIPTION | |
| Extent | 511 |
| 650 ## - SUBJECT ADDED ENTRY--TOPICAL TERM | |
| Topical term or geographic name as entry element | BCA |
| 942 ## - ADDED ENTRY ELEMENTS (KOHA) | |
| Source of classification or shelving scheme | Dewey Decimal Classification |
| Koha item type | Text Books |
| Withdrawn status | Lost status | Source of classification or shelving scheme | Damaged status | Not for loan | Collection code | Home library | Current library | Date acquired | Source of acquisition | Currency | Cost, normal purchase price | Bill Number | Total Checkouts | Full call number | Acc. no. / Barcode | Date last seen | Date last borrowed | Actual Cost, discounted price | Bill Date | Koha item type |
|---|---|---|---|---|---|---|---|---|---|---|---|---|---|---|---|---|---|---|---|---|
| Dewey Decimal Classification | BCA | PIET C-LIBRARY | PIET C-LIBRARY | 03/02/2022 | Kirti Praskshan | IN Rupees | 799.00 | IN3389 | 8 | 006.68 LAR | BC1722 | 03/11/2025 | 30/07/2025 | 543.32 | 03/02/2022 | Text Books | ||||
| Dewey Decimal Classification | BCA | PIET C-LIBRARY | PIET C-LIBRARY | 03/02/2022 | Kirti Praskshan | IN Rupees | 799.00 | IN3389 | 4 | 006.68 LAR | BC1723 | 08/12/2025 | 19/11/2025 | 543.32 | 03/02/2022 | Text Books | ||||
| Dewey Decimal Classification | BCA | PIET C-LIBRARY | PIET C-LIBRARY | 08/02/2022 | Kirti Praskshan | IN Rupees | 799.00 | IN3420 | 5 | 006.68 LAR | BC1840 | 20/11/2024 | 07/11/2024 | 543.32 | 08/02/2022 | Text Books | ||||
| Dewey Decimal Classification | BCA | PIET C-LIBRARY | PIET C-LIBRARY | 08/02/2022 | Kirti Praskshan | IN Rupees | 799.00 | IN3420 | 006.68 LAR | BC1841 | 15/02/2022 | 543.32 | 08/02/2022 | Text Books |